Statistics for Inland Counties of England

Click here to take the quiz!

General Stats

  • This quiz has been taken 33 times
  • The average score is 20 of 24

Answer Stats

Answer% Correct
Buckinghamshire
97%
Nottinghamshire
97%
Oxfordshire
97%
West Yorkshire
94%
Cambridgeshire
91%
Leicestershire
91%
South Yorkshire
91%
Derbyshire
88%
Hertfordshire
88%
Wiltshire
88%
West Midlands
84%
Bedfordshire
81%
Herefordshire
81%
Northamptonshire
81%
Rutland
81%
Worcestershire
81%
Staffordshire
78%
Surrey
78%
Berkshire
75%
City of London
75%
Greater London
75%
Shropshire
75%
Warwickshire
66%
Greater Manchester
63%

Score Distribution

Percentile by Number Answered

Percent of People with Each Score

Your Score History

You have not taken this quiz